Arbeitslosigkeit Rationalisierung Unternehmerwillkür zur Ausbeutungsstrategie in der BRD

Guardado en:
Detalles Bibliográficos
Autor principal: Puschmann, Manfred
Otros Autores: Rudolph, Franz
Formato: Libro
Lenguaje:alemán
Publicado: Berlin Dietz 1979
Etiquetas: Agregar Etiqueta
Sin Etiquetas, Sea el primero en etiquetar este registro!

MARC

LEADER 00000nam a2200000 4500
001 0223982
005 20240822101705.2
041 0 |a ger 
044 |a DE 
245 1 0 |a Arbeitslosigkeit Rationalisierung Unternehmerwillkür  |b zur Ausbeutungsstrategie in der BRD  |c Manfred Puschmann, Franz Rudolph 
264 1 |a Berlin  |b Dietz  |c 1979 
300 |a 127 s. 
100 1 |a Puschmann, Manfred 
700 1 |a Rudolph, Franz